[Event "Barcelona Ateneu Colon 3rd op"]
[Site "Barcelona"]
[Date "2008.05.06"]
[Round "5.7"]
[White "Ferrandiz Iserte, Albert"]
[Black "Montenegro Armijo, Oscar"]
[Result "1-0"]
[WhiteElo "1887"]
[BlackElo "2069"]
[PlyCount "65"]
[EventDate "2008.04.08"]
[EventType "swiss"]
[EventRounds "9"]
[EventCountry "ESP"]
[SourceTitle "EXT 2024"]
[Source "ChessBase"]
[SourceDate "2023.10.10"]
[SourceVersion "1"]
[SourceVersionDate "2023.10.10"]
[SourceQuality "1"]

1. e4 g6 2. d4 Bg7 3. Nc3 d6 4. f4 e6 5. Nf3 Nh6 6. Bc4 a6 7. a4 0-0 8. 0-0 b6 9. h3 c5 10. g4 f5 11. gxf5 gxf5 12. e5 d5 13. Be2 cxd4 14. Nxd4 Kh8 15. Kh2 Rg8 16. Rg1 Ra7 17. Be3 Bf8 18. Rxg8+ Nxg8 19. Qg1 Bh6 20. Qf2 Rg7 21. Na2 Ne7 22. Qh4 Qf8 23. Bh5 Rg8 24. Nb4 a5 25. Nd3 Nec6 26. Nb5 Nd7 27. Nd6 Rg7 28. Nf7+ Rxf7 29. Bxf7 d4 30. Bd2 Ncxe5 31. Nxe5 Nxe5 32. fxe5 Bxd2 33. Qf6+ 1-0